00563 2200193 4500001002100000008004100021035001900062245009300081100001800174250001000192260003700202300003100239020002100270084001300291082000700304650002400311990001700335990001700352INLIS000000000016429 Ind $a 0010-0525000092$a Sungaiku tanpa sampah (My river without trush) : $b Seri sayangi bumi / $c Nailah Hamidah$a Nailah Hamidah$a Cet. 1$a Jakarta Timur: $b Luxima $c 2024 $a iii, 21 hlm. ; $c 19x19 cm.$a 978-602-268-608-8$a 614 Nai s$a 614$a KESEHATAN MASYARAKAT$a 35361/Bt/2024$a 35362/Bt/2024